<?xml version="1.0" encoding="UTF-8"?>
<record
    xmlns:xsi="http://www.w3.org/2001/XMLSchema-instance"
    xsi:schemaLocation="http://www.loc.gov/MARC21/slim http://www.loc.gov/standards/marcxml/schema/MARC21slim.xsd"
    xmlns="http://www.loc.gov/MARC21/slim">

  <leader>01719nam a2200229 a 4500</leader>
  <controlfield tag="001">000045692</controlfield>
  <controlfield tag="005">20240412074304.0</controlfield>
  <controlfield tag="008">150428s2010    dr            000 p spa d</controlfield>
  <datafield tag="020" ind1=" " ind2=" ">
    <subfield code="a">9789945002683</subfield>
  </datafield>
  <datafield tag="040" ind1=" " ind2=" ">
    <subfield code="a">DO-SdBNP</subfield>
    <subfield code="b">spa</subfield>
    <subfield code="c">BNPHU</subfield>
  </datafield>
  <datafield tag="082" ind1=" " ind2=" ">
    <subfield code="a">RD861.44</subfield>
    <subfield code="b">M878e, 2010</subfield>
  </datafield>
  <datafield tag="100" ind1="1" ind2=" ">
    <subfield code="a">Morrison, Mateo,</subfield>
    <subfield code="d">1947-</subfield>
    <subfield code="9">1469</subfield>
  </datafield>
  <datafield tag="245" ind1="1" ind2="0">
    <subfield code="a">Espasmos en la noche /</subfield>
    <subfield code="c">Mateo Morrison.</subfield>
  </datafield>
  <datafield tag="250" ind1=" " ind2=" ">
    <subfield code="a">3a ed. ampliada</subfield>
  </datafield>
  <datafield tag="260" ind1=" " ind2=" ">
    <subfield code="a">Santo Domingo :</subfield>
    <subfield code="b">B&#xFA;ho,</subfield>
    <subfield code="c">2010.</subfield>
  </datafield>
  <datafield tag="300" ind1=" " ind2=" ">
    <subfield code="a">51 p. ;</subfield>
    <subfield code="c">22 cm.</subfield>
  </datafield>
  <datafield tag="505" ind1="0" ind2=" ">
    <subfield code="a">Mateo Morrison. La poes&#xED;a como experiencia vivida. Palabras de Enrique Eusebio en la presentaci&#xF3;n de la primera edici&#xF3;n del libro Espasmos en la noche --</subfield>
    <subfield code="t">Espasmos en la noche de Mateo Morrison. Palabras de Tom&#xE1;s Modesto Gal&#xE1;n en la presentaci&#xF3;n de la tercera edici&#xF3;n del libro Espasmos en la noche --</subfield>
    <subfield code="t">Espasmos en la noche 1 --</subfield>
    <subfield code="t">La c&#xE1;mara me observa --</subfield>
    <subfield code="t">Los ejercicios --</subfield>
    <subfield code="t">Dec&#xE1;logo reflexivo --</subfield>
    <subfield code="t">Ecolog&#xED;a --</subfield>
    <subfield code="t">Inmadurez --</subfield>
    <subfield code="t">Elementos para un dibujo --</subfield>
    <subfield code="t">Dormitando en la avenida --</subfield>
    <subfield code="t">Reuni&#xF3;n de m&#xE1;scaras --</subfield>
    <subfield code="t">B&#xFA;squeda --</subfield>
    <subfield code="t">Retornar a tu vientre --</subfield>
    <subfield code="t">Preocupaciones por los huesos --</subfield>
    <subfield code="t">Egbert --</subfield>
    <subfield code="t">Nada m&#xE1;s</subfield>
    <subfield code="t">Los sobrevivientes --</subfield>
    <subfield code="t">De amores derruidos --</subfield>
    <subfield code="t">Primer sue&#xF1;o --</subfield>
    <subfield code="t">Los dos mares --</subfield>
    <subfield code="t">La m&#xFA;sica en tu cuerpo --</subfield>
    <subfield code="t">Los &#xE1;ngeles de Mieses --</subfield>
    <subfield code="t">Almuerzo de estrellas --</subfield>
    <subfield code="t">En la esquina del viento --</subfield>
    <subfield code="t">Otro homenaje --</subfield>
    <subfield code="t">Colores de la muerte --</subfield>
    <subfield code="t">Un im&#xE1;n en la sombra --</subfield>
    <subfield code="t">La mujer que se viste --</subfield>
    <subfield code="t">Cuando nac&#xED; --</subfield>
    <subfield code="t">La mujer que se viste --</subfield>
    <subfield code="t">Este aposento --</subfield>
    <subfield code="t">Los sonido que alientan --</subfield>
    <subfield code="t">La timidez me impidi&#xF3; ver tus senos cuando naci&#xE1;n.</subfield>
  </datafield>
  <datafield tag="586" ind1=" " ind2=" ">
    <subfield code="a">Premio Nacional de Literatura 2010</subfield>
  </datafield>
  <datafield tag="650" ind1=" " ind2="0">
    <subfield code="a">Poes&#xED;a dominicana</subfield>
    <subfield code="9">66</subfield>
  </datafield>
  <datafield tag="650" ind1=" " ind2="0">
    <subfield code="a">Literatura dominicana.</subfield>
    <subfield code="9">67</subfield>
  </datafield>
  <datafield tag="910" ind1=" " ind2=" ">
    <subfield code="a">Validado. Control de calidad MFF</subfield>
  </datafield>
  <datafield tag="952" ind1=" " ind2=" ">
    <subfield code="0">0</subfield>
    <subfield code="1">0</subfield>
    <subfield code="2">ddc</subfield>
    <subfield code="7">1</subfield>
    <subfield code="8">PD</subfield>
    <subfield code="a">BNPHU</subfield>
    <subfield code="b">BNPHU</subfield>
    <subfield code="c">HD</subfield>
    <subfield code="d">2015-04-28</subfield>
    <subfield code="i">LF1</subfield>
    <subfield code="l">0</subfield>
    <subfield code="o">RD861.44 M878e, 2010</subfield>
    <subfield code="p">45692-10</subfield>
    <subfield code="r">2020-06-25</subfield>
    <subfield code="w">2020-06-25</subfield>
    <subfield code="y">LFPD</subfield>
    <subfield code="Z">No se presta</subfield>
  </datafield>
  <datafield tag="999" ind1=" " ind2=" ">
    <subfield code="c">45181</subfield>
    <subfield code="d">45181</subfield>
  </datafield>
</record>
